[Event "Challenge"]
[Site "http://www.queenalice.com/game.php?id=1833219"]
[Date "2024.3.11"]
[Round "-"]
[White "naugard47"]
[Black "Vin100"]
[Result "0-1"]
[WhiteElo "1679"]
[BlackElo "1819"]

1. e4 e5 2. Bc4 Nf6 3. Nc3 c6 4. Nf3 d6 5. h3 b5 6. Bb3 Be7 7. O-O O-O 8. d3
Nbd7 9. a3 Bb7 10. Re1 Qc7 11. d4 c5 12. dxe5 Nxe5 13. Nd5 Nxd5 14. exd5 c4 15.
Ba2 Bf6 16. Nxe5 Bxe5 17. c3 a5 18. Be3 a4 19. Bb1 Qe7 20. Be4 Qh4 21. Qg4 Qxg4
22. hxg4 g6 23. Bh6 Rfe8 24. Kh1 Bc8 25. Bf3 Bd7 26. Bd2 f6 27. g3 g5 28. Bd1
Kg7 29. Re4 Kg6 30. Re1 f5 31. Bf3 Rf8 32. Kg2 h6 33. Rh1 Bc8 34. Rad1 Bb7 35.
Be3 f4 36. gxf4 gxf4 37. Bc1 Rh8 38. Rh5 Raf8 39. Be4+ Kf6 40. Rf5+ Ke7 41. f3
Rxf5 42. Bxf5 h5 43. Bg6 hxg4 44. fxg4 Kf6 45. Bf5 Kg5 46. Be6 Bc8 47. Rh1 Rxh1
48. Kxh1 Bxe6 49. Bxf4+ Kxf4 50. dxe6 Bf6 51. Kg2 Kxg4 52. Kf2 Bg5 53. e7 Bxe7
54. Ke3 Kf5 55. Kd4 Ke6 56. Ke4 Bg5 0-1

[Event "Challenge"]
[Site "http://www.queenalice.com/game.php?id=1836108"]
[Date "2024.5.2"]
[Round "-"]
[White "Vin100"]
[Black "Leanne"]
[Result "1-0"]
[WhiteElo "1817"]
[BlackElo "1407"]

1. e4 e6 2. d4 d5 3. Bd3 dxe4 4. Bxe4 Nf6 5. Nd2 Bb4 6. c3 Be7 7. Ngf3 O-O 8.
O-O e5 9. Nxe5 c6 10. Qc2 g6 11. b4 Nxe4 12. Nxe4 Bd6 13. Nxd6 Qxd6 14. Bh6 Re8
15. Rfe1 Bf5 16. Qb3 Qe6 17. Qxe6 Bxe6 18. a4 a5 19. b5 cxb5 20. axb5 Nd7 21.
Nxd7 Bxd7 22. c4 Rxe1+ 23. Rxe1 Be6 24. d5 Bf5 25. d6 f6 26. c5 g5 27. c6 bxc6
28. bxc6 Ra7 29. d7 Bxd7 30. cxd7 Rxd7 31. h4 gxh4 32. Re8+ Kf7 33. Ra8 Kg6 34.
Be3 Rd5 35. Bb6 Rg5 36. Bxa5 h3 37. g3 h5 38. Kh2 h4 39. Kxh3 hxg3 40. fxg3 f5
41. Rg8+ Kf6 42. Rxg5 Kxg5 43. Bd8+ Kg6 44. Kh4 f4 45. gxf4 Kf5 46. Bc7 Ke6 47.
Kg5 1-0

[Event "Challenge"]
[Site "http://www.queenalice.com/game.php?id=1836109"]
[Date "2024.5.2"]
[Round "-"]
[White "Leanne"]
[Black "Vin100"]
[Result "1-0"]
[WhiteElo "1377"]
[BlackElo "1847"]

1. d4 d5 2. c4 dxc4 3. e3 b5 4. Nf3 e6 5. Nc3 a6 6. Be2 c5 7. O-O Nf6 8. b3 cxb3
9. axb3 Nbd7 10. Qc2 Bb7 11. Bb2 Bd6 12. Nd2 O-O 13. dxc5 Bxc5 14. Bf3 Qc7 15.
Bxb7 Qxb7 16. Nf3 Nb6 17. Ne2 Rac8 18. Bxf6 gxf6 19. Qb2 e5 20. Ng3 Rfe8 21. Nh4
Nd5 22. Nhf5 Ra8 23. Nh6+ Kg7 24. Ngf5+ Kg6 25. h4 Ne7 26. h5+ Kxh5 27. Qe2+ Kg5
28. Qg4# 1-0

[Event "Challenge"]
[Site "http://www.queenalice.com/game.php?id=1837546"]
[Date "2024.5.26"]
[Round "-"]
[White "Leanne"]
[Black "Vin100"]
[Result "0-1"]
[WhiteElo "1415"]
[BlackElo "1821"]

1. e4 e5 2. Nf3 d6 3. d4 exd4 4. Nxd4 c5 5. Nf3 Bg4 6. Be2 Be7 7. O-O Nc6 8. Nc3
Nf6 9. Bg5 O-O 10. Bxf6 Bxf6 11. Nd5 Bxb2 12. Rb1 Ba3 13. Rb3 Qa5 14. Ng5 Bxe2
15. Qxe2 Nd4 16. Ne7+ Kh8 17. Qh5 h6 18. Rh3 f6 19. Ng6+ Kg8 20. Nxf8 Rxf8 21.
f4 fxg5 22. g3 gxf4 23. gxf4 Ne6 24. f5 Ng5 0-1

[Event "Challenge"]
[Site "http://www.queenalice.com/game.php?id=1837547"]
[Date "2024.5.26"]
[Round "-"]
[White "Vin100"]
[Black "Leanne"]
[Result "1-0"]
[WhiteElo "1819"]
[BlackElo "1417"]

1. e4 e5 2. Nf3 Nf6 3. d3 Nc6 4. Bg5 Be7 5. Nbd2 O-O 6. c3 d5 7. Be2 dxe4 8.
Nxe4 Nd5 9. Qd2 Nf4 10. Bxf4 exf4 11. Qxf4 h6 12. O-O g5 13. Qe3 Bg4 14. d4 Bxf3
15. Bxf3 f5 16. Nd2 Qd7 17. d5 Na5 18. b4 b6 19. bxa5 bxa5 20. c4 1-0

[Event "Challenge"]
[Site "http://www.queenalice.com/game.php?id=1839429"]
[Date "2024.6.30"]
[Round "-"]
[White "naugard47"]
[Black "Vin100"]
[Result "0-1"]
[WhiteElo "1734"]
[BlackElo "1823"]

1. e4 e5 2. Bc4 Nf6 3. Nc3 Bc5 4. Nf3 d6 5. h3 O-O 6. O-O Bd7 7. d3 Nc6 8. a3
Qe7 9. Nd5 Nxd5 10. exd5 Nd4 11. Nxd4 Bxd4 12. c3 Bb6 13. Be3 Bxe3 14. fxe3 a6
15. e4 b5 16. Bb3 Qg5 17. Rf3 a5 18. a4 Rfb8 19. Bc2 bxa4 20. b3 axb3 21. Bxb3
Rb5 22. c4 Rb4 23. Ba4 Bxa4 24. Rxa4 Rxa4 25. Qxa4 Qd8 26. Qd1 Qb8 27. Qa4 Qb6+
28. Kh2 Qc5 29. Qd7 Rf8 30. Rf1 Qa7 31. h4 a4 32. Qb5 a3 33. Qb3 a2 34. Ra1 Ra8
35. Rxa2 Qxa2 36. Qb7 Qa7 37. Qc6 Qb8 38. Qb5 Qxb5 39. cxb5 Ra3 0-1

[Event "Challenge"]
[Site "http://www.queenalice.com/game.php?id=1839970"]
[Date "2024.7.9"]
[Round "-"]
[White "Leanne"]
[Black "Vin100"]
[Result "0-1"]
[WhiteElo "1333"]
[BlackElo "1835"]

1. Nf3 d6 2. c4 e5 3. Nc3 Be6 4. e4 g6 5. d3 Bh6 6. g3 Nd7 7. Bg2 Qe7 8. O-O
O-O-O 9. Nd5 Bxd5 10. cxd5 g5 11. h4 f6 12. hxg5 fxg5 13. d4 g4 14. Nh2 Bxc1 15.
Rxc1 h5 16. dxe5 Nxe5 17. f4 gxf3 18. Nxf3 Nxf3+ 19. Bxf3 h4 20. Qe1 Qg5 21. Qc3
Qxg3+ 22. Bg2 Qxc3 23. Rxc3 Ne7 24. Rcf3 Rdg8 25. Kh2 Ng6 26. Bh3+ Kb8 27. b4
Re8 0-1

[Event "Challenge"]
[Site "http://www.queenalice.com/game.php?id=1839971"]
[Date "2024.7.9"]
[Round "-"]
[White "Vin100"]
[Black "Leanne"]
[Result "1-0"]
[WhiteElo "1849"]
[BlackElo "1331"]

1. e4 e6 2. d4 d5 3. e5 Nc6 4. c3 Be7 5. Nf3 f6 6. b3 fxe5 7. dxe5 d4 8. cxd4
Bb4+ 9. Bd2 Bxd2+ 10. Qxd2 h6 11. Bb5 Bd7 12. O-O Qe7 13. Nc3 O-O-O 14. Ne4 Kb8
15. a3 b6 16. b4 a5 17. Qa2 Na7 18. Bxd7 Qxd7 19. Rfd1 Ne7 20. Nc3 Nb5 21. Nxb5
Qxb5 22. Qxe6 Nd5 23. Qg4 g5 24. Qe4 Nc3 25. Qd3 axb4 26. Qxb5 Nxb5 27. axb4 g4
28. Nd2 Nxd4 29. f3 h5 30. f4 Ne2+ 31. Kf2 Nxf4 32. g3 Nd5 33. b5 Nc3 34. Rdc1
Nxb5 35. Nc4 1-0

[Event "Challenge"]
[Site "http://www.queenalice.com/game.php?id=1840118"]
[Date "2024.7.11"]
[Round "-"]
[White "Vin100"]
[Black "naugard47"]
[Result "1-0"]
[WhiteElo "1837"]
[BlackElo "1726"]

1. e4 e5 2. Nf3 Nc6 3. c3 Nf6 4. d3 d6 5. Be2 h6 6. O-O a6 7. b4 b5 8. Nbd2 Be7
9. Bb2 O-O 10. a4 Bb7 11. Qc2 d5 12. Rad1 Nh5 13. g3 Qd6 14. d4 Bc8 15. a5 Be6
16. dxe5 Qxe5 17. Nxe5 1-0

[Event "Challenge"]
[Site "http://www.queenalice.com/game.php?id=1840458"]
[Date "2024.7.18"]
[Round "-"]
[White "naugard47"]
[Black "Vin100"]
[Result "0-1"]
[WhiteElo "1779"]
[BlackElo "1851"]

1. e4 e5 2. Nf3 d6 3. d4 Nd7 4. Nc3 c6 5. d5 Ngf6 6. dxc6 bxc6 7. Bc4 Be7 8. O-O
O-O 9. a3 Bb7 10. b4 Nb6 11. Bb3 Qc7 12. h3 d5 13. Re1 d4 14. Na4 Nbd7 15. Bc4
a5 16. Bd2 axb4 17. axb4 c5 18. b5 Nxe4 19. Bc1 Qa5 20. Bb2 Bf6 21. Bd3 Qc7 22.
Bc4 Nd6 23. Bf1 e4 24. Nd2 Rfe8 25. Nc4 Nxb5 26. Qg4 e3 27. fxe3 Ne5 28. Qf4 Bd5
29. e4 Bxc4 30. Bxc4 Nxc4 31. Qxc7 Nxc7 32. Nxc5 Nxb2 33. Nd7 Rxa1 0-1

[Event "Challenge"]
[Site "http://www.queenalice.com/game.php?id=1841183"]
[Date "2024.7.31"]
[Round "-"]
[White "Vin100"]
[Black "naugard47"]
[Result "1-0"]
[WhiteElo "1864"]
[BlackElo "1747"]

1. e4 e5 2. Nf3 Nc6 3. c3 Nf6 4. d3 Bc5 5. b4 Be7 6. Be2 h6 7. O-O O-O 8. Bb2 d5
9. Nbd2 Be6 10. b5 Na5 11. Qa4 b6 12. Nxe5 Bd7 13. c4 dxe4 14. dxe4 Bc5 15. Rad1
Qe7 16. Bf3 Be6 17. Rfe1 Nd7 18. Be2 f6 19. Ng6 Qd6 20. Nf3 Bxf2+ 21. Kxf2 Qc5+
22. Bd4 Qh5 23. Nf4 Qe8 24. Qc2 c5 25. Bb2 Bf7 26. Nd5 Bxd5 27. exd5 Qd8 28. Qf5
Qe7 29. Bd3 Qd6 30. Qh7+ Kf7 31. Bg6# 1-0

[Event "Challenge"]
[Site "http://www.queenalice.com/game.php?id=1843517"]
[Date "2024.9.10"]
[Round "-"]
[White "Leanne"]
[Black "Vin100"]
[Result "0-1"]
[WhiteElo "1284"]
[BlackElo "1877"]

1. e4 e5 2. d4 exd4 3. Qxd4 Nc6 4. Qe3 b6 5. Nc3 Bc5 6. Qf4 Nf6 7. Nf3 O-O 8.
Be3 Bd6 9. e5 Nh5 10. Qe4 Bb4 11. Bd3 Re8 12. Qxh7+ Kf8 13. Qxh5 d6 14. O-O dxe5
15. Bc4 Be6 16. Nxe5 Nxe5 17. Qxe5 Bxc4 18. Bg5 Rxe5 19. Bxd8 Rxd8 0-1

[Event "Challenge"]
[Site "http://www.queenalice.com/game.php?id=1843518"]
[Date "2024.9.10"]
[Round "-"]
[White "Vin100"]
[Black "Leanne"]
[Result "1-0"]
[WhiteElo "1875"]
[BlackElo "1295"]

1. e4 c5 2. Bc4 e6 3. Nc3 Nc6 4. Nf3 Nf6 5. O-O Be7 6. d4 cxd4 7. Nxd4 Nxd4 8.
Qxd4 O-O 9. e5 d5 10. Be2 Ne4 11. Nxe4 dxe4 12. Qxe4 g6 13. Bh6 Re8 14. Bb5 Bd7
15. Rad1 f5 16. exf6 Bxf6 17. Rxd7 Qa5 18. a4 a6 19. Bc4 1-0

[Event "Challenge"]
[Site "http://www.queenalice.com/game.php?id=1844908"]
[Date "2024.10.8"]
[Round "-"]
[White "Leanne"]
[Black "Vin100"]
[Result "1-0"]
[WhiteElo "1284"]
[BlackElo "1879"]

1. e4 e5 2. d4 exd4 3. c3 dxc3 4. Nxc3 Bc5 5. Qf3 d6 6. Bc4 Nf6 7. Bg5 O-O 8.
Nd5 Nbd7 9. Qf4 c6 10. Nxf6+ Nxf6 11. Ne2 b5 12. Bd3 Qa5+ 13. Nc3 Bd4 14. O-O b4
15. Nd1 Be5 16. Qh4 Ba6 17. Bxa6 Qxa6 18. a3 bxa3 19. Rxa3 Qb7 20. Rf3 Nd7 21.
Rh3 c5 22. Qxh7# 1-0

[Event "Challenge"]
[Site "http://www.queenalice.com/game.php?id=1844909"]
[Date "2024.10.8"]
[Round "-"]
[White "Vin100"]
[Black "Leanne"]
[Result "1-0"]
[WhiteElo "1849"]
[BlackElo "1314"]

1. e4 Nc6 2. c3 d5 3. exd5 Qxd5 4. d3 e5 5. c4 Qd4 6. Nf3 Qc5 7. Be3 Nd4 8. a3
Qd6 9. Nc3 Bd7 10. Ne4 Qc6 11. Nxe5 Qa4 12. Bxd4 f6 13. Nxd7 Qxd7 14. Bc3 O-O-O
15. Be2 g5 16. O-O Kb8 17. Nxf6 Qd6 18. Ne4 Qg6 19. Bxh8 Qh6 20. Qc2 Bd6 21.
Nxd6 Rxd6 22. Be5 1-0

[Event "Challenge"]
[Site "http://www.queenalice.com/game.php?id=1845776"]
[Date "2024.10.20"]
[Round "-"]
[White "Leanne"]
[Black "Vin100"]
[Result "0-1"]
[WhiteElo "1278"]
[BlackElo "1851"]

1. c4 e5 2. e3 c5 3. Nc3 d6 4. Nf3 Bf5 5. d4 cxd4 6. exd4 e4 7. Be2 exf3 8. Bxf3
Nc6 9. O-O Nf6 10. Bxc6+ bxc6 11. Qe1+ Qe7 12. Qxe7+ Bxe7 13. Bg5 O-O 14. f3 h6
15. Bh4 g5 16. Bf2 d5 17. h4 dxc4 18. b3 cxb3 19. axb3 Nd5 20. Nxd5 cxd5 21.
hxg5 hxg5 22. Be3 Bd7 23. f4 gxf4 24. Bxf4 a5 25. Bh6 Rfb8 26. Rf3 a4 27. bxa4
Bxa4 28. Rg3+ Kh7 29. Bf4 Rc8 30. Bg5 Bxg5 31. Rxg5 Bb3 32. Rf1 Rg8 33. Rxf7+
Kh6 34. Rxg8 Rxg8 35. Rf3 Bc4 36. Rf4 Kg5 37. g4 Kxf4 0-1

[Event "Challenge"]
[Site "http://www.queenalice.com/game.php?id=1845777"]
[Date "2024.10.20"]
[Round "-"]
[White "Vin100"]
[Black "Leanne"]
[Result "1-0"]
[WhiteElo "1853"]
[BlackElo "1276"]

1. e4 c5 2. d3 Nc6 3. Be3 d6 4. Be2 e5 5. Nd2 Nf6 6. Bf3 Be7 7. Ne2 O-O 8. O-O
Bg4 9. Ng3 Qd7 10. c3 Bxf3 11. Nxf3 Ng4 12. Bg5 Bxg5 13. Nxg5 Nf6 14. a3 d5 15.
b4 Qg4 16. Qxg4 Nxg4 17. bxc5 dxe4 18. N5xe4 b6 19. cxb6 axb6 20. h3 f5 21. Nd6
Nh6 22. f3 Rad8 23. Nc4 Rxd3 24. Ne2 b5 25. Nb2 Rd5 26. a4 b4 27. cxb4 Nxb4 28.
Nc3 Rc5 29. Rfc1 Nd5 30. Nxd5 Rxd5 31. a5 Rb8 32. Nc4 Rbb5 33. a6 Rb8 34. a7 Ra8
35. Nb6 Rxa7 36. Rxa7 Rd8 37. Ra8 Rxa8 38. Nxa8 Kf7 39. Rc6 e4 40. fxe4 fxe4 41.
g4 e3 42. Kf1 Nxg4 43. hxg4 h6 44. Nc7 g6 45. Nd5 h5 46. gxh5 gxh5 47. Nxe3 1-0

[Event "Challenge"]
[Site "http://www.queenalice.com/game.php?id=1848452"]
[Date "2024.12.9"]
[Round "-"]
[White "Leanne"]
[Black "Vin100"]
[Result "0-1"]
[WhiteElo "1290"]
[BlackElo "1855"]

1. c4 e5 2. Nc3 Bb4 3. Nd5 Nc6 4. e4 Nf6 5. Nxf6+ Qxf6 6. Nh3 O-O 7. g3 b6 8.
Bg2 Bb7 9. O-O Nd4 10. d3 a6 11. Bg5 Qg6 12. f4 b5 13. fxe5 Rae8 14. cxb5 axb5
15. Be3 c5 16. Nf4 Qa6 17. Ne2 Nxe2+ 18. Qxe2 Rxe5 19. d4 cxd4 20. Bxd4 Ree8 21.
a3 Ba5 22. Bc5 Bb6 23. Bxb6 Qxb6+ 24. Kh1 d5 25. exd5 Rxe2 26. Bf3 Rxb2 27. Rad1
Rb3 28. d6 Bxf3+ 29. Rxf3 Rxf3 30. d7 Rd8 31. h4 Rxg3 32. Kh2 Qf2+ 0-1

[Event "Challenge"]
[Site "http://www.queenalice.com/game.php?id=1848453"]
[Date "2024.12.9"]
[Round "-"]
[White "Vin100"]
[Black "Leanne"]
[Result "1-0"]
[WhiteElo "1857"]
[BlackElo "1269"]

1. e4 e5 2. Nf3 Nc6 3. c3 Nf6 4. d3 Be7 5. Bg5 O-O 6. Nbd2 d5 7. Be2 dxe4 8.
Nxe4 Nxe4 9. Bxe7 Qxe7 10. dxe4 Bg4 11. O-O Rad8 12. Qb3 Na5 13. Qb5 b6 14. b4
Qd7 15. Qxd7 Bxd7 16. bxa5 bxa5 17. Nxe5 Be6 18. Nc6 Rd7 19. Nxa7 c5 20. Nb5 f5
21. exf5 Bxf5 22. Bc4+ Kh8 23. f4 Bd3 24. Bxd3 Rxd3 25. g3 c4 26. Rfd1 Rf5 27.
Rxd3 cxd3 28. Nd4 Rd5 29. Rd1 g5 30. fxg5 Rxg5 31. Rxd3 h5 32. Nf3 Rg4 33. Rd1
h4 34. Nxh4 1-0

[Event "Challenge"]
[Site "http://www.queenalice.com/game.php?id=1850454"]
[Date "2025.1.17"]
[Round "-"]
[White "Leanne"]
[Black "Vin100"]
[Result "0-1"]
[WhiteElo "1309"]
[BlackElo "1861"]

1. e4 e5 2. Nf3 d6 3. d4 exd4 4. Nxd4 c5 5. Nf3 Be7 6. Nc3 Be6 7. g3 Nc6 8. Bg2
Nf6 9. O-O O-O 10. Ng5 Ng4 11. Nxe6 fxe6 12. Qxg4 Qd7 13. Bg5 Ne5 14. Qh5 g6 15.
Qh6 Nf7 16. Qh4 Bxg5 17. Qg4 Bf6 18. f4 Rad8 19. Rae1 a6 20. e5 dxe5 21. fxe5
Nxe5 22. Qe2 Nc6 23. Kh1 Nd4 24. Qe4 b5 25. Ne2 Nxe2 26. Qxe2 Bxb2 27. Rxf8+
Rxf8 28. a4 c4 29. axb5 axb5 30. Qxe6+ Qxe6 31. Rxe6 Rd8 32. Bf1 Rd1 33. Kg2
Rd2+ 34. Re2 Rxe2+ 35. Bxe2 Kf7 36. h4 Kf6 37. Kh3 h5 38. g4 hxg4+ 39. Bxg4 b4
40. h5 g5 41. h6 Kg6 42. Be2 c3 43. Bd3+ Kxh6 44. Bf5 Kg7 45. Kg3 Kf6 46. Bd3
Ke5 47. Bc4 Kd4 0-1

[Event "Challenge"]
[Site "http://www.queenalice.com/game.php?id=1850455"]
[Date "2025.1.17"]
[Round "-"]
[White "Vin100"]
[Black "Leanne"]
[Result "1-0"]
[WhiteElo "1859"]
[BlackElo "1293"]

1. e4 e6 2. d4 d5 3. exd5 exd5 4. Nc3 Nf6 5. Bd3 g6 6. Nf3 Bg7 7. Qe2+ Ne4 8.
Nxe4 dxe4 9. Bxe4 O-O 10. c3 c6 11. O-O Bg4 12. h3 Bxf3 13. Bxf3 Re8 14. Be3 Qh4
15. Rfe1 Bh6 16. Qd3 Bxe3 17. Rxe3 Nd7 18. Rae1 Nf6 19. Rxe8+ Rxe8 20. Rxe8+
Nxe8 21. Qe4 Nd6 22. Qxh4 Nf5 23. Qd8+ Kg7 24. g4 1-0

[Event "Challenge"]
[Site "http://www.queenalice.com/game.php?id=1852449"]
[Date "2025.2.19"]
[Round "-"]
[White "Leanne"]
[Black "Vin100"]
[Result "0-1"]
[WhiteElo "1280"]
[BlackElo "1863"]

1. e4 e5 2. d4 exd4 3. Qxd4 Nc6 4. Qe3 b6 5. Nf3 Bc5 6. Qe2 Nge7 7. g3 O-O 8.
Bg2 Bb7 9. O-O d5 10. Nc3 Qd7 11. exd5 Nxd5 12. Nxd5 Qxd5 13. Ng5 Qd6 14. Bxc6
Bxc6 15. Ne4 Bb5 16. Qxb5 Qe7 17. Qd3 Rad8 18. Qc4 Rd4 19. Bg5 Qxe4 20. f3 Rxc4+
0-1

[Event "Challenge"]
[Site "http://www.queenalice.com/game.php?id=1852450"]
[Date "2025.2.19"]
[Round "-"]
[White "Vin100"]
[Black "Leanne"]
[Result "1-0"]
[WhiteElo "1865"]
[BlackElo "1272"]

1. e4 e5 2. Nf3 Nf6 3. d3 d5 4. Nbd2 Nc6 5. Be2 Be7 6. O-O dxe4 7. dxe4 O-O 8.
c3 Ng4 9. b4 Bg5 10. Nc4 Bf4 11. Bxf4 exf4 12. Qd5 Qf6 13. Rac1 Nxh2 14. Nxh2
Be6 15. Qb5 f3 16. Nxf3 Bg4 17. Qxb7 Bxf3 18. Bxf3 Rac8 19. Bg4 Nd8 20. Qxc8 c6
21. Qa6 1-0